00514nam a2200193 a 4500001001300000003000900013005001700022008004100039020001000080082001300090100001900103245006800122260002600190300000900216500003500225505001300260650002800273700001900301nice12345678IN_TiNIC20260116012750.0050524s1962 lona grp 000 0 eng  ac10000a244bFAR aFarrer, Austin aLove Almighty and Ills Unlimitedb Essay on Providence and Evil aLondonbCollinsc1962 a190p aincludes index and biblioraphy2 aAppendix aChristianity-Miscellany1 aFarrer, Austin